[Event "Yvelines-ch"]
[Site "Fontenay le Fleury"]
[Date "2012.02.18"]
[Round "1"]
[White "Ducasse, Vincent"]
[Black "Bouvier, Clement"]
[Result "1/2-1/2"]
[WhiteElo "1499"]
[BlackElo "1850"]
[PlyCount "83"]
[EventDate "2012.02.18"]
[EventType "swiss"]
[EventRounds "7"]
[EventCountry "FRA"]
[SourceTitle "EXT 2013"]
[Source "ChessBase"]
[SourceDate "2012.11.22"]
[SourceVersion "1"]
[SourceVersionDate "2012.11.22"]
[SourceQuality "1"]

1. e4 c5 2. d4 cxd4 3. c3 d3 4. Bxd3 Nc6 5. Nf3 Qc7 6. 0-0 e6 7. Re1 Nf6 8. e5 Nd5 9. Nbd2 Be7 10. Qc2 Nf4 11. Nb3 Nxd3 12. Qxd3 a6 13. Bf4 h6 14. Re3 b5 15. Nfd4 Bb7 16. Nxc6 dxc6 17. Qe2 c5 18. Rd1 Rd8 19. Nd2 Qd7 20. Rg3 g5 21. Be3 Qd5 22. f4 gxf4 23. Bxf4 h5 24. Rf1 h4 25. Rh3 Rg8 26. Nf3 Rd7 27. Qf2 Kd8 28. Kh1 Qxa2 29. Rg1 Rd3 30. Qe2 Qd5 31. Ng5 c4 32. Qg4 Rxh3 33. Nxf7+ Kc7 34. Qxg8 Rd3 35. h3 Rxh3+ 36. Bh2 Rd3 37. Qe8 Bc5 38. Nd6 Bxg1 39. Qe7+ Kb6 40. Qd8+ Kc6 41. Qe8+ Kb6 42. Qd8+ 1/2-1/2